00831nam a22002417a 450000500170000001000130001702000220003003500130005203700160006504000120008108200110009310000300010424500470013426000370018127000450021830000260026350000410028965000370033065000270036794200200039499900190041495201560043320170124110129.0 aA-328571 c00.00a0671655264 aA-328571 bCen Lib/Ret aDPLbEN aSbSTU aSturgeon, Theodore931911 aA touch of strange /cby Theodore Sturgeon bSimon and SchusteraLondonc1987 bLondonaWest Garden Place, Kendal Street axiv, 234p. c21cm(Hb) aIncludes bibliographical references  aScience fiction, American931912 aScience fiction993651 2ddccENhSmSTU c131491d131491 04104070aLbLd2015-07-15eCen Lib/Retg0.00l0oS STUpA-328571r2015-07-15 00:00:00t1v0.00w2015-07-15yENzW/d List No. 6885/9 ; dtd 07/09/2020